<?xml version="1.0" encoding="UTF-8"?>
<marc:record xmlns:marc="http://www.loc.gov/MARC21/slim">
   <marc:leader>00000nam a2200000 a 4500</marc:leader>
   <marc:datafield ind1="1" ind2=" " tag="100">
      <marc:subfield code="a">Bonfini, Antonio</marc:subfield>
      <marc:subfield code="4">aut</marc:subfield>
      <marc:subfield code="e">Verfasser/-in</marc:subfield>
   </marc:datafield>
   <marc:datafield ind1="1" ind2=" " tag="100">
      <marc:subfield code="a">Sambucus, Johannes</marc:subfield>
   </marc:datafield>
   <marc:datafield ind1=" " ind2=" " tag="653">
      <marc:subfield code="a">Geschichte</marc:subfield>
   </marc:datafield>
   <marc:datafield ind1=" " ind2=" " tag="653">
      <marc:subfield code="a">g||Ungarn</marc:subfield>
   </marc:datafield>
   <marc:datafield ind1="0" ind2="0" tag="245">
      <marc:subfield code="a">Antonii Bonfinii Rervm Vngaricarvm Decades Qvatvor Cvm Dimidia</marc:subfield>
   </marc:datafield>
   <marc:datafield ind1="0" ind2="0" tag="245">
      <marc:subfield code="b">His accessere Joan. Sambvci Aliqvot Appendices, &amp; alia: vna cum priscoru[m] Regum Vngariae Decretis, seu constitutionibus: quarum narrationes Bonfinii obiter meminere: &amp; quæ pagina 16. indicat. ; Cvm Indice Copiosiss.</marc:subfield>
   </marc:datafield>
   <marc:datafield ind1=" " ind2="1" tag="264">
      <marc:subfield code="a">Hanoviae</marc:subfield>
      <marc:subfield code="b">Wechel</marc:subfield>
      <marc:subfield code="c">1606</marc:subfield>
   </marc:datafield>
   <marc:datafield ind1=" " ind2=" " tag="250">
      <marc:subfield code="a">Tertivm Omnia Recognita, Emendata, &amp; aucta / per Ioann. Sambvcvm, Caesar. Maiest. consiliarium &amp; historicum</marc:subfield>
   </marc:datafield>
   <marc:datafield ind1="1" ind2=" " tag="520">
      <marc:subfield code="a">3 Verl.-Sign. (Kupferstiche)</marc:subfield>
   </marc:datafield>
   <marc:datafield ind1=" " ind2=" " tag="300">
      <marc:subfield code="a">16, 943 S., [14], [4]  Bl., 114 S., [1] Bl.; 35 cm</marc:subfield>
   </marc:datafield>
</marc:record>
